[Event "Oregon Open 2000+"]
[Site "Portland, OR"]
[Date "2024.09.01"]
[Round "3"]
[White "Palathingal, Rafael"]
[Black "Tabet, Roger"]
[Result "1/2-1/2"]
[WhiteElo "1947"]
[BlackElo "2113"]
[Annotator "Roger Tabet"]
[PlyCount "129"]
[GameId "2093788474585142"]
[EventDate "2024.08.31"]
[EventType "swiss"]
[EventRounds "6"]
[EventCountry "USA"]

{[%evp 0,129,19,31,14,30,64,47,24,32,29,43,30,39,63,54,51,46,40,49,53,32,18,-7,-7,-13,-20,-34,4,-44,-57,-56,-35,-95,-80,-84,-84,-79,-84,-84,-90,-73,-68,-71,-65,-65,-69,-104,-53,-70,-70,-69,-42,-38,-23,-64,-39,-39,-40,-31,-32,-36,-41,-32,-42,-36,-36,-51,-10,-4,0,0,0,0,0,6,36,0,11,21,13,-6,0,-38,-35,-32,-51,-47,-36,-46,-14,-6,-9,-199,-246,-254,-179,-177,-96,-148,-151,-118,-71,-149,-142,-133,-122,-143,-146,-139,-132,-139,-141,-131,-119,-109,-110,-109,-115,-115,-104,-112,-6,-112,0,0,0,0,0,0,0,0]} 1. d4 Nf6 2. Nf3 g6 3. c4 Bg7 4. Nc3 O-O 5. e4 d6 6. Be2 Na6 7. O-O e5 8. dxe5 dxe5 9. Bg5 h6 10. Qxd8 Rxd8 11. Bxf6 Bxf6 12. Nd5 Kg7 $1 13. Rad1 Be6 14. b3 c6 15. Nc3 {This was the first hard decision. The natural move Nc5 is good but black has to know how to deal with b4} g5 (15... Nc5 16. b4 $2 Nd7 17. a3 a5 $1) (15... Nb4 $1 {Good move too} 16. a3 $2 Nc2 17. a4 $17) 16. h4 $6 (16. Rxd8 Rxd8 17. Rd1 g4 18. Ne1 h5 $15) 16... g4 (16... gxh4 $1 {Taking was better} 17. Na4 Bg4) 17. Nh2 {Only move that does not lose a pawn. h4 is hanging but so is g4.} h5 18. g3 {I played g4 earlier to get to this forced position where the h2 knight is temporarily in Jail. But f3 is coming and I only have a few moves to ameliorate my position.} Be7 $1 (18... Nb4 $1 {Also good} 19. f3 gxf3 20. Bxf3 Rh8 $1 21. Rf2 Be7 $15) 19. f3 gxf3 (19... Bc5+ $1 {The best move.} 20. Kg2 Nb4 $17 {To get to c2 and e3 or d4}) 20. Nxf3 {A critical position. Maintaining the advantage here is not simple.} Bh3 $6 (20... Nb4 $1 21. Rxd8 Rxd8 22. Rd1 Bc5+ 23. Kg2 Rxd1 24. Bxd1 f6 25. Ne1 Bd4 $1 $17) 21. Rxd8 $1 (21. Rfe1 $2 {I thought this first} Bb4 $2 22. Rxd8 Rxd8 23. Rd1 Rf8 (23... Rxd1+ $2 24. Nxd1 f6 $10)) 21... Rxd8 22. Rd1 Rxd1+ 23. Bxd1 $6 (23. Nxd1 $10) 23... Nc5 $6 $10 (23... Bb4 $1 24. Nb1 Bc5+ 25. Kh2 Bg4 26. Kg2 f6) 24. Ne1 $2 Kg6 {4 mn just on this move.} (24... Nxb3 $5 25. axb3 Bb4 26. Bxh5 Bxc3 27. Nc2 $10) 25. Kf2 Ne6 $2 $10 {Despite the bishop pair, this position is equal.} (25... a5 $1) 26. Nd3 f6 27. Ke3 Nd4 28. Ne2 $10 Nxe2 29. Bxe2 b6 30. Bf3 Be6 31. Kd2 a5 32. Kc3 Bd6 33. Be2 f5 {I thought breaking with f5 would help activate my bishops, but this is still equal.} 34. Bf3 $1 c5 (34... f4 $10 35. gxf4 exf4 36. e5 Bc7 37. Bxc6 Kf5 $10) 35. Kd2 fxe4 36. Bxe4+ Kf6 37. Ke3 Bf8 38. Bf3 Bh6+ 39. Ke2 Bf7 40. Nb2 {I find this idea strange but actually good. With Nf2 the control of the e4 square was clear and I had no way of progressing.} (40. Nf2 $1 $10) 40... Bg6 $1 $10 41. Nd1 $6 {A bad move. g4 was best.} (41. g4 $1 hxg4 42. Bxg4 e4 43. Na4 Ke5 44. h5 Bf7 45. Nxb6 $6 $17 Kf4 46. Nd7 Bg7 47. Nxc5 Kxg4 48. Ke3 Kf5 $15 49. Nxe4) 41... e4 $1 {Now or never. This takes space and allows the black King to enter via e5 and d4} 42. Bg2 Ke5 43. Ne3 $6 {Nc3 was best.} (43. Nc3 Bf5 $1 $17) 43... Kd4 44. Nd5 {The endgame starts to be interesting here. I missed the best move Bf5} e3 (44... Bf5 $1 45. Nxb6 $4 Bg4+ 46. Ke1 Kd3 $1 47. Bf1+ Kc2 48. Be2 Bd2+ 49. Kf1 Bh3+ 50. Kf2 e3+ 51. Kf3 Bg4+) 45. Bf3 Bb1 $3 {Very good move made with a few minutes on the clock. The idea was not so much to take the white paws, but to incite a3 then Bd3+ and b3 is weaker after Kc3 at some point.} (45... Bd3+ $2 $10 46. Kd1 b5 47. cxb5 Bxb5 $10) 46. Ke1 $4 {A bad move. a3 was more resilient.} (46. a3 Bd3+ $1 47. Ke1 Bc2 $1 48. Nxb6 Bg7 $19 {To go to e5 then g3}) 46... Bxa2 {We started blitzing here.} 47. Bd1 b5 (47... Bf8 $1 48. Nxb6 Bd6 49. Nd5 Bxg3+ 50. Ke2 Bxh4 $19) 48. Ne7 Bf8 $2 (48... Bxb3 $3 {The best move is to let the h6 Bishops hang and give the other bishop as well. The main idea is to clear the path for the a pawn.} 49. Bxb3 a4 $3 50. cxb5 (50. Ba2 b4 51. Nf5+ Kc3 52. Nxh6 b3 53. Bb1 a3 54. Nf5 a2) 50... axb3 51. b6 b2 52. b7 b1=Q+) (48... bxc4 {Also wins} 49. Nf5+ (49. bxc4 Kc3) 49... Kc3 50. Nxh6 cxb3 $19) 49. Nc6+ Kc3 50. Nxa5 bxc4 $4 {Gives away all the advantage and goes back to equality.} (50... b4 $1 51. Ke2 Bh6 52. Ke1 $19) 51. bxc4 $2 {Another mistake! Taking with the knight was the only move.} (51. Nxc4 $10 Bxb3 52. Bxb3 Kxb3 53. Nxe3 $10) 51... Bd6 $2 {Another Mistake! Bb1 was winning again. The game will be even from now on.} (51... Bb1 52. Bxh5 Bd3 53. Be2 Be4 54. Bd1 Kb4 55. Nb3 Kxc4 $19) 52. Ke2 Bc7 53. Nb7 Kd4 54. Nxc5 $3 {A brilliant move and the only idea that saves the game. Well found from my opponent.} (54. Kf3 $1 $10 {The only other good move, and for the same reason.} Bxc4 55. Nxc5 $7) 54... Bxc4+ 55. Kf3 Bd5+ 56. Ke2 Bxg3 (56... Kxc5 57. Kxe3 Bf7 58. g4 $10) 57. Nb3+ Ke4 58. Nc5+ Kd4 59. Nb3+ Ke4 60. Nc5+ Kf4 61. Nd3+ Kg4 62. Kxe3+ Kxh4 63. Bxh5 Kxh5 64. Nf4+ Bxf4+ 65. Kxf4 1/2-1/2

[Event "Oregon Open 2000+"]
[Site "Portland, OR"]
[Date "2024.09.01"]
[Round "4"]
[White "Kodarapu, Ishaan"]
[Black "Tarjan, Jim"]
[Result "1-0"]
[WhiteElo "2091"]
[BlackElo "2362"]
[Annotator "Ishaan Kodarapu"]
[PlyCount "97"]
[GameId "2093155602350202"]
[EventDate "2024.08.31"]
[EventType "swiss"]
[EventRounds "6"]
[EventCountry "USA"]

1. c4 Nf6 2. Nc3 d6 3. e4 e5 $5 {Quite an interesting opening; the move order is very weird.} 4. h3 $6 {I'm not sure what I was thinking when I played h3. This move is not useful. Better is} (4. g3 Nc6 5. Bg2 {And aiming for a English Botvinnik setup.}) 4... g6 5. d3 Bg7 6. g3 {Now we can see h3 was a wasted move, but does allow my bishop to go to e3 without being bothered with Ng4.} O-O 7. Bg2 Nc6 (7... c6 $5 {Is another interesting way to play this position. The end goal is to push d5, which he can prepare with Be6 and Nbd7-b6.}) 8. Nge2 Nd4 9. Nxd4 exd4 10. Ne2 Nd7 11. O-O (11. b4 $5 {Maybe playing this before Black played ...c5 was a try.} c5 12. O-O $1 cxb4 13. Bb2 Qb6 14. a3 {Despite being down a pawn, White is preferable.}) 11... a5 {Stopping White's b4.} 12. b3 {With the idea of Bb2 and forcing c5.} Re8 13. Bb2 c5 14. a3 $2 {This move is utterly pointless. I had thought in the game I would try to play b4 but that doesn't even do much.} Rb8 {Preparing b5. I am forced to go a4.} (14... h6 {(Useless move)} 15. b4 {b4 only weakens my position; black has the nice} b5 $1 {ending with a complex position where Black should come out on top.}) 15. a4 {Basically, a3 was a wasted move.} Ne5 {I had seen this knight manoeuvre in advance. He obviously wants to go Nc6-b4} 16. Nf4 {Now I manoeuvre my Knight to d5.} Nc6 17. Nd5 Be6 {He wants to capture on d5 and play Nb4. This isn't really stoppable} 18. Bc1 $6 (18. Ba3 Bxd5 19. cxd5 Nb4 20. Bxb4 axb4 {Without a wasted Bc1.}) 18... Bxd5 19. cxd5 $5 {I had decided to capture this way to keep my chances alive. If the pawn structure was purely symmetrical, Black should never lose. I decided to take this risk, opening up the b5 push for Black.} Nb4 20. Ba3 {Now we can see 18. Bc1 was wasted!} b5 $1 {Black lashes out on the queenside finally} 21. axb5 Rxb5 22. Kh2 $2 {Not a necessary move. After checking with the engine, I saw that} (22. h4 $1 {immediately is fine. I had played this a move later, but Kh2 had pretty much been wasted. The whole idea behind this is to try and soften up Black's kingside. The next moves for White will be h5 and f4-f5, while Black naturally gravitates towards the queenside in hopes of picking up the isolated b3 pawn.}) 22... Na6 23. h4 {I start the kingside "attack" if you can call it that. Only way Black can play for an advantage here is} Nb8 $2 {Nb8 is totally unnecessary.} (23... Qb6 $1 {And I had} 24. Bc1 $1 Rxb3 25. Rxa5 $1 {Calculated.} Rb8 {However, Black is still better here because of the d3-pawn and his activity.}) 24. f4 $2 {In my mind, I had still considered that Black would go for the b3 pawn with Qb6. I thought I was going to simply march my pawns and get significant counterplay. However} (24. Bc1 $1 {Is a much better move. The idea is simple: defend the a3-pawn.} Qb6 25. Ra3 Nd7 {Only way Black is winning b3 is by moving his knight out of the way.} 26. Bh3 Nf6 27. h5 $1 Rb8 28. h6 Bf8 29. Bd2 {White is completely fine here.}) 24... Nd7 25. Bh3 h5 26. Bc1 {I realized that I actually have time to transfer my f1-rook to the defense of the b3 pawn, because Black has his knight to worry about} Nf6 27. Rf2 $2 (27. f5 $1 Qb6 28. Bg5 {Black is given no time to mess around on the queenside. Actually, he's starting to have serious problems on the kingside.}) 27... Qb6 28. Ra3 Rb8 29. Rb2 Kh7 30. Qc2 $2 {Black is simply better now. He has pretty much stopped all traces of counterplay ever happening on the kingside. He can easily continue to slowly squeeze his advantage.} (30. f5 $1 {Attacking as soon as possible, while keeping the White queen flexible! Qc2 was very commital, but by keeping the queen on d1, I give myself more chances to transfer it over to the kingside if necessary. It is not clear how Black will continue.}) 30... Ng4+ 31. Bxg4 hxg4 32. Qe2 c4 $2 {This is not a terrible move; however, he gives me a lot of chances to make something happen on the kingside, because all of his pieces are on the queenside.} (32... f5 $1 {Very simple move!} 33. exf5 gxf5 34. Qe6 Rf8 {And White has nothing here.}) 33. Qxg4 Rxb3 34. Raxb3 cxb3 35. f5 {Finally, we see this pawn break. It is Black who has to play precisely in order to keep his advantage. Otherwise, he could allow a perpetual, or even could get into some trouble *hint hint*.} Qc5 $2 {He goes on the offensive, but this is not the best move.} (35... Qc7 $1 {The idea is that Black leaves the infiltration of Qc3 on the table, as well as bringing his queen to the kingside if necessary.}) 36. Bf4 {Now according to the engines, the position is equal. However, it is very tricky to play for Black. In the game, I was pretty much going for a draw, but maybe Black could mess up somewhere and give White a win.} Qc3 37. Rf2 Qxd3 38. fxg6+ (38. Bxd6 {First is also fine.}) 38... fxg6 39. Bxd6 {Defending e4.} Re8 40. e5 $3 {With less than 2 minutes on the clock, it's not easy to find this move, but it was kind of a gut feeling to play it. I thought that if Black took it, he would lose, but the real idea is just to defend the pawn, as Black was simply threatening Qxe4.} Rxe5 $4 {Suddenly, White is completely winning!!!} (40... Qe3 $1 41. Rf7 b2 42. Rxg7+ Kxg7 43. Qd7+ Kh6 44. Qxe8 {Black cannot even promote a queen here, as Qh8 is threatened. Black is actually the one forced to make a perpetual with} Qf2+ 45. Kh3 Qf5+ (45... Qf1+ 46. Kh2 Qe2+ 47. Kh3) 46. g4 $1 {Not} (46. Kh2 $4 Kh5 $1 {And there is no perpetual for White.}) 46... Qf3+ 47. Kh2 $10) 41. Bxe5 Bxe5 42. h5 $6 {Simpler was the immediate} (42. d6 {Black cannot take the pawn, but can't really let the pawn run either} Bxd6 (42... Qe3 43. Rf7+ Bg7 44. d7 $18) 43. Qd7+) 42... a4 43. d6 a3 44. d7 Bc7 45. d8=Q Bxd8 46. Qd7+ Kh6 47. Qxd8 Qe3 48. Qh8+ Kg5 49. Qf6+ {Overall a crazy game, which for the most part was unclear. However, by creating annoying chances on the kingside, I was able to win this game!} 1-0

[Event "Oregon Open 2000+"]
[Site "Portland, OR"]
[Date "2024.09.02"]
[Round "5"]
[White "Raptis, Nick"]
[Black "Tang, Zoey"]
[Result "0-1"]
[WhiteElo "2348"]
[BlackElo "2343"]
[Annotator "Zoey Tang"]
[PlyCount "94"]
[GameId "2093089233256511"]
[EventDate "2024.08.31"]
[EventType "swiss"]
[EventRounds "6"]
[EventCountry "USA"]

{[%evp 0,94,28,30,20,-12,-10,-17,-1,-29,9,-14,-16,-3,-6,-6,-16,-29,-36,-31,21,-1,-20,-12,15,-34,-30,-32,16,-62,-65,-64,-63,-83,-94,-96,-96,-100,-88,-86,-76,-132,-66,-88,-85,-80,-99,-134,-124,-124,-130,-129,-109,-72,-72,-93,-93,-95,-102,-102,-110,-123,-125,-110,-216,-216,-221,-253,-284,-285,-247,-430,-489,-473,-472,-507,-545,-543,-716,-687,-704,-740,-778,-817,-804,-873,-349,-363,-363,-366,-379,-770,-489,-489,-549,-665,-376] Going into the penultimate round, Nick was the only player on 4/4, while I was one of two players with 3.5/4. Standings-wise, I had to win if I wanted a realistic chance of finishing in first.} 1. d4 Nf6 2. g3 {...and there goes all my preparation from the previous night!} d5 3. Bg2 Bf5 {Because white's setup has been rather slow to control the center, I'm able to develop my pieces to the most natural squares. Qb3, the typical refutation to an early Bf5, isn't even legal here!} 4. c4 c6 {The opening has now transposed into a reversed London, where "black" has chosen to fianchetto the kingside bishop.} 5. cxd5 {I was surprised by this move during the game. Normally, keeping the tension (so as to not allow black's knight to get to c6 easily) is preferable.} (5. Nc3 e6 6. Nf3 Be7 7. Nh4 $11) 5... cxd5 6. Nf3 Nc6 7. Nc3 e6 {[#]} 8. Qb3 $6 {The queen is misplaced here, as it is always in danger of becoming trapped.} a6 {A typical way to defend the b7 pawn; however, there are better options here.} (8... Nb4 $1 {The easiest way to seize the advantage. Already, black is threatening to win on the spot with Bc2.} 9. Qa4+ Nd7 10. O-O $4 Bc2 11. b3 a6 $1 $19 {Quiet moves are always the hardest to see! Now b5 is unstoppable.}) 9. O-O (9. Qxb7 $4 Na5 $19) 9... Be7 10. Bf4 {Now white is threatening Qxb7, since the queen can escape to c7 later.} Na5 11. Qd1 O-O 12. Ne5 Rc8 13. Rc1 b5 14. Bg5 $6 {Trading off the bishop for black's knight isn't the most palatable idea, but it's hard to come up with reasonable moves for white.} ({Humanly speaking, playing} 14. e3 {and waiting around isn't the most natural idea.} Nc4 15. Qe2 h6 16. h4 Bb4 $15 {White isn't losing, but this is not the type of position you'd like to play.}) (14. e4 $1 {When down space, blow everything up!} dxe4 15. g4 Bg6 16. Nxg6 hxg6 17. Nxe4) 14... h6 15. Bxf6 Bxf6 {[#] Even though my advantage is by no means decisive, at this point I was feeling pretty good about my chances. Nick was spending lots of time, which (given that it's not a particularly tactical position) meant that he didn't like his position much.} 16. Nf3 $2 {Not really improving.} (16. b3 {looks weakening, but at least it stops Nc4.} Be7 17. Nb1 Qd6 $17) 16... Qb6 $6 (16... Nc4 17. b3 Na3 $1 $19 {Crushing. Black is potentially threatening Bc2, and white still has zero reasonable moves.}) 17. e3 Rc7 18. Qe2 Rfc8 19. Nd2 Qb8 {Threatening b4 to crash through on the only open file.} (19... b4 $6 20. Na4 {I didn't want to allow the excessive trades, though after} Qb5 21. Qxb5 axb5 22. Nc5 Be7 $17 {black is still clearly better.}) 20. Ra1 $6 {[#]} Nc4 $2 {Making equal trades when you're the one putting pressure is usually not a great idea...} (20... b4 21. Na4 Qb5 22. Qxb5 axb5 23. Nc5 Nc4 $1 $19 {White has an impossible choice: take on c4 and straighten out black's structure, or lose the b2 pawn and give up the c4 outpost.}) 21. Nxc4 Rxc4 22. a3 a5 23. Rfd1 b4 24. axb4 axb4 25. Na4 {[#]} Be7 $4 {Too complacent. There's no need to stop Nc5, and the dark-squared had an important duty.} (25... b3 26. Nc5 {white doesn't even have this option because of} Bc2 27. Rdc1 R8xc5 28. dxc5 Bxb2 $19) 26. e4 $1 {Boom! Suddenly white has broken through the binds in the position.} Rc2 27. Qe3 dxe4 28. Bxe4 Bxe4 29. Qxe4 b3 30. Qe3 $4 {The problem with coming back from a losing position is that sometimes, your mentality doesn't adjust quickly enough. White had already managed to fight back to an equalish position!} (30. Qf3 $15 {Maintaining defence of the a8-h1 diagonal is critical, since without the fianchettoed light-squared bishop, the king can get airy. Black has no real targets here.}) 30... Qb7 {[#] I'm now threatening Ra8 or even h5-h4. There's no way to challenge the diagonal.} 31. Nc5 R8xc5 $1 ({I didn't see the exchange sacrifice at first. However, I wasn't completely satisfied with} 31... Bxc5 32. dxc5 R8xc5 33. Rd8+ Kh7 34. Rad1 {, where even though black has a clear advantage, I'll have to be careful with my king safety. It is a major piece endgame, after all.}) 32. dxc5 Bxc5 33. Rd8+ Kh7 34. Qd3+ {Even though white has this check, there's still no way to guard the f2 pawn. White's kingside falls apart.} f5 35. Rf1 Qb6 36. Kg2 Bxf2 37. Kh3 {[#]} Bg1 ({Black still has to exercise a bit of caution. A trap I almost fell into:} 37... Be3 $4 {, threatening Qb7 and Qb4, looks very nice, but white has} 38. Rxf5 $1 exf5 39. Qxf5+ Qg6 40. Rh8+ $1 $11 {This would have been very depressing.}) 38. g4 Qc7 39. Rd6 Rxh2+ 40. Kg3 Qe7 41. Rxg1 Qh4+ 42. Kf4 Qf2+ 43. Ke5 Qxg1 44. Kxe6 Qxg4 45. Qxb3 Re2+ 46. Kd7 Qe4 47. Kc7 Qc2+ {Even though I was playing with black, I managed to get an advantage straight from the opening. Barring some exceptional players, defense is nobody's forte, but Nick managed to fight all the way back to equal. Besides that small blip, though, we can pretend it was a smooth victory! I'd like to draw your attention to what happened after move 30 :)} 0-1

[Event "Oregon Open 2000+"]
[Site "Portland, OR"]
[Date "2024.09.02"]
[Round "6"]
[White "Wang, Ted"]
[Black "Kodarapu, Ishaan"]
[Result "0-1"]
[WhiteElo "2195"]
[BlackElo "2091"]
[Annotator "Ishaan Kodarapu"]
[PlyCount "104"]
[GameId "2093155851092107"]
[EventDate "2024.08.31"]
[EventType "swiss"]
[EventRounds "6"]
[EventCountry "USA"]

1. e4 c5 2. Nf3 e6 3. d3 {Sideline of the French Sicilian, presumably trying to avoid the main lines.} Nc6 {However, it's very easy for Black to play.} 4. g3 g6 5. Bg2 Bg7 6. O-O Nge7 7. Nbd2 O-O 8. c3 e5 {Stopping d4 for the foreseeable future. Black not has a reverse Botvinnik setup.} 9. a4 d6 10. Nc4 h6 {Preparing Be6. I looked at these sort of lines before the game and White's idea is to push b4, playing on the queenside. Black shouldn't be too afraid and should push on the kingside.} 11. Bd2 Be6 12. b4 f5 {White doesn't have anything concrete on the queenside. He can push b5, but he would probably just lose all his attack.} 13. exf5 {Correct, otherwise I would easily go f4 and the attack would play itself.} Bxf5 14. b5 $2 {The one and only mistake.} (14. bxc5 {Was correct, where after I would play} d5 $1 15. Nd6 Bxd3) 14... Bxd3 $1 (14... Na5 $2 15. Nxa5 Qxa5 16. Nh4 $1 {Either I give up the bishop pair, or lose a pawn.} Bc8 17. Be4 {It seems OK for Black here, but White is completely better}) 15. bxc6 Bxc4 16. cxb7 Rb8 {Perhaps he thought the pawn would be strong on b7, but it's actually just dead. From here, conversion was easy.} 17. Re1 Bd5 18. h4 Qd7 19. c4 Bxb7 20. Nh2 Bxg2 21. Kxg2 Nf5 22. Qg4 Qf7 23. Rf1 h5 24. Qe2 Nd4 25. Qe4 Qb7 26. Qxb7 Rxb7 27. Bg5 Bf6 28. Be3 Rb4 29. Rac1 Rc8 30. Nf3 Nxf3 31. Kxf3 Kf7 32. Ke2 Ke6 33. Rc2 Rxa4 34. Rb1 Rc6 35. Rb8 Rb6 36. Re8+ Kf7 37. Rc8 e4 38. Rc7+ Ke6 39. f3 exf3+ 40. Kxf3 Rb3 41. Ke2 Rb2 42. Rxb2 Bxb2 43. Kd3 Be5 44. Bf4 Bxf4 45. gxf4 Ra1 46. Rg7 Kf6 47. Rd7 Rd1+ 48. Ke3 a5 49. Ra7 Rd4 50. Ra6 Kf5 51. Rxa5 Rxc4 52. Ra6 Re4+ 0-1